000 00285nam a22001337a 4500
008 190225b xxu||||| |||| 00| 0 eng d
020 _a9780155826106
041 _aeng
080 _a821
100 _a22
101 _aGJL
245 _aSound and Sense
_cPerrine, L
942 _2udc
_cBK
999 _c54202
_d54202